[Event "Catalunya-chT"]
[Site "Barcelona"]
[Date "2002.??.??"]
[Round "7"]
[White "Pages Ruiz, Eduard"]
[Black "Vela Gimenez, Rafael"]
[Result "1/2-1/2"]
[WhiteElo "2025"]
[BlackElo "2005"]
[PlyCount "100"]
[EventDate "2002.??.??"]
[EventType "team"]
[EventRounds "9"]
[EventCountry "ESP"]
[SourceTitle "EXT 2008"]
[Source "ChessBase"]
[SourceDate "2007.11.25"]
[SourceVersion "1"]
[SourceVersionDate "2007.11.25"]
[SourceQuality "1"]

1. e4 d5 2. e5 e6 3. d4 Ne7 4. Bd3 Ng6 5. Nf3 Be7 6. 0-0 Nd7 7. Re1 b6 8. c4 Bb7 9. cxd5 Bxd5 10. Nc3 c6 11. Nxd5 cxd5 12. Bd2 0-0 13. Rc1 a6 14. Qc2 b5 15. Qc6 Ra7 16. Rc2 Nb8 17. Qc3 Qb6 18. b4 Bd8 19. Rec1 Rc7 20. Qb3 Nc6 21. a4 Na7 22. a5 Qb7 23. Rxc7 Bxc7 24. Bxg6 hxg6 25. Ne1 Rc8 26. Nd3 Bd8 27. Nc5 Qc6 28. Qg3 Be7 29. h4 Bxc5 30. Rxc5 Qe8 31. h5 Rxc5 32. dxc5 Nc6 33. h6 Nd4 34. Qh4 Nf5 35. Qh3 gxh6 36. g4 Ng7 37. Bxh6 Qd8 38. Bf4 f6 39. Qh6 Kf7 40. Kg2 d4 41. exf6 Qxf6 42. Qg5 Qxg5 43. Bxg5 e5 44. Kf3 Ne6 45. Bd2 Nd8 46. Ke4 Ke6 47. f4 Nc6 48. fxe5 Nxe5 49. g5 Nc6 50. Be1 Ne5 1/2-1/2